[Event "Wch U10"]
[Site "Weifang"]
[Date "2019.08.22"]
[Round "2"]
[White "Mehrotra, Ekansh"]
[Black "Ilamparthi, AR."]
[Result "0-1"]
[WhiteElo "1585"]
[BlackElo "1984"]
[PlyCount "108"]
[EventDate "2019.08.21"]
[EventType "swiss"]
[EventRounds "11"]
[EventCountry "CHN"]
[SourceTitle "EXT 2020"]
[Source "ChessBase"]
[SourceDate "2019.10.17"]
[SourceVersion "1"]
[SourceVersionDate "2019.10.17"]
[SourceQuality "1"]

1. e4 c5 2. Nf3 d6 3. d4 cxd4 4. Nxd4 Nf6 5. Nc3 g6 6. Be3 Bg7 7. f3 0-0 8. Qd2 Nc6 9. 0-0-0 d5 10. Kb1 Nxd4 11. e5 Nf5 12. exf6 Bxf6 13. Nxd5 Qxd5 14. Qxd5 Nxe3 15. Qd3 Nxd1 16. Qxd1 Be6 17. Bd3 Rfd8 18. Qe2 Rac8 19. h4 Rc5 20. g4 Rd6 21. h5 Rb6 22. b3 Rb4 23. hxg6 hxg6 24. Bxg6 a5 25. Bh7+ Kf8 26. Bf5 Bxf5 27. gxf5 Rd4 28. Qh2 Rcd5 29. Qe2 Rd2 30. Qe1 a4 31. Kc1 Bg5 32. f4 Bxf4 33. Qh4 Rd1+ 34. Kb2 a3+ 35. Kxa3 Bc1+ 36. Kb4 R1d4+ 37. Qxd4 Rxd4+ 38. Kc3 Be3 39. Rh3 Bg1 40. Rg3 Rd1 41. a4 Rf1 42. Rg5 Be3 43. Rh5 Kg7 44. Kd3 Ba7 45. b4 Rf4 46. c4 Kf6 47. a5 Rxf5 48. Rxf5+ Kxf5 49. b5 Bc5 50. b6 Ke5 51. a6 bxa6 52. b7 Bd6 53. c5 Bb8 54. c6 f5 0-1